000 00292nam a22001217a 4500
020 _a0130211192
082 _222
_a005.72
100 _aMcGrath, Sean.
245 _aXML Processing with Python /
260 _aUSA,
_bPrentice Hall,
_cc2000.
300 _axxiv, 527 p. ;
_bill. ;
942 _2ddc
_cIT
999 _c4132
_d4132